<?xml version="1.0" encoding="UTF-8"?>
<collection xmlns="http://www.loc.gov/MARC21/slim">
 <record>
  <leader>00869cam a2200217 7i4500</leader>
  <controlfield tag="001">0000015879</controlfield>
  <controlfield tag="005">20160119090000.0</controlfield>
  <datafield tag="020" ind1=" " ind2=" ">
   <subfield code="a">9781922012678 </subfield>
  </datafield>
  <datafield tag="090" ind1="0" ind2="0">
   <subfield code="a">657.028519 </subfield>
   <subfield code="b">BRO</subfield>
  </datafield>
  <datafield tag="100" ind1="1" ind2=" ">
   <subfield code="a">Brown, Marian </subfield>
  </datafield>
  <datafield tag="245" ind1="0" ind2="0">
   <subfield code="a">A step by step approach to set up and operate a computerised accounting system : using MYOB AccountRight v19.8 and MYOB AssetManager Pro v3.6,Microsoft Excel 2010 / by Marian Brown.</subfield>
  </datafield>
  <datafield tag="250" ind1=" " ind2=" ">
   <subfield code="a">2015 ed.</subfield>
  </datafield>
  <datafield tag="260" ind1=" " ind2=" ">
   <subfield code="a">Sydney, NSW, Australia : Software Publications Pty. Ltd., c2015.</subfield>
  </datafield>
  <datafield tag="300" ind1=" " ind2=" ">
   <subfield code="a">x, 452 p. : ill. ; 30 cm+1 CD-ROM MYOB Student Edition Software.</subfield>
  </datafield>
  <datafield tag="500" ind1=" " ind2=" ">
   <subfield code="a">CD-ROM (5/1134,5/1135,5/1136)</subfield>
  </datafield>
  <datafield tag="500" ind1=" " ind2=" ">
   <subfield code="a">1 MYOB Student Edition Software CD</subfield>
  </datafield>
  <datafield tag="650" ind1=" " ind2="0">
   <subfield code="a">Accounting. </subfield>
  </datafield>
  <datafield tag="650" ind1=" " ind2="0">
   <subfield code="a">Accounting - Data processing. </subfield>
  </datafield>
  <datafield tag="999" ind1=" " ind2=" ">
   <subfield code="a">1000025411</subfield>
   <subfield code="b">Book</subfield>
   <subfield code="c">Green Spot</subfield>
  </datafield>
  <datafield tag="999" ind1=" " ind2=" ">
   <subfield code="a">5000001135</subfield>
   <subfield code="b">CD-ROM</subfield>
   <subfield code="c">Red Spot</subfield>
  </datafield>
  <datafield tag="999" ind1=" " ind2=" ">
   <subfield code="a">5000001136</subfield>
   <subfield code="b">CD-ROM</subfield>
   <subfield code="c">Orange Spot</subfield>
  </datafield>
 </record>
</collection>
